000
00277nam a2200109Ia 4500
008
231212s1985 xx 000 0 und d
041
_a
eng
082
_a
623.381542
100
_a
Austin George T
245
_a
Shreve's Chemical Process Industries
260
_a
Pune
_b
C.B.S.
_c
1985
999
_c
965487
_d
965487